000 00742nam a2200193 4500
008 170331b xxu||||| |||| 00| 0 eng d
022 _a01153544
082 _aDPer 338.05 En86 Apr-Jul 2015 v. 15, n. 158-161
245 _aPlay to win/
_cToni Antiporda, Maricris Carlos, Johanna Poblete and Victoria Vizcarra.
260 _aPhilippines:
_bSummit Media,
_cApr-Jul 2015.
300 _av15 n161, pages 61-69:
_billustrations,
_c28 cm.
500 _aEntrepreneur.
650 0 _919717
_aFranchises (retail trade)
_xBusiness
700 _919718
_aAntiporda, Toni
_eAuthor
700 _919719
_aCarlos, Maricris.
_eAuthor
700 _919720
_aPoblete, Johanna
_eAuthor
700 _919721
_aVizcarra, Victoria
_eAuthor
942 _2ddc
_cPER
999 _c6523
_d6523